Lazarillo de Tormes. (Registro nro. 7097)

Detalles MARC
000 -LIDER
fixed length control field 00813nam a2200289 a 4500
001 - NÚMERO DE CONTROL
Identificador de número de control 000000331
003 - IDENTIFICACDOR DE NÚMERO DE CONTROL
control field 000000331
005 - DATE AND TIME OF LATEST TRANSACTION
control field 20170928133112.0
008 - ELEMENTOS DE LONGITUD FIJA
fixed length control field 081127s2008 dr a 000 0 spa d
020 ## - ISBN
International Standard Book Number 978994506870
040 ## - FUENTE DE CATALOGACIÓN
Agencia que crea de manera original el registro BPMSU
Idioma de catalogación spa
Agencia que realiza la transcripción BPMSU
082 #4 - NÚMERO DE CLASIFICACIÓN DECIMAL DE DEWEY
Classification number 863.3
Item number L431t
245 00 - MENCIÓN DE TITULO
Título Lazarillo de Tormes.
250 ## - MENCIÓN DE EDICION
Mención de edición Ed. íntegra
260 ## - PUBLICACIÓN, DISTRIBUCIÓN, ETC. (PIE DE IMPRENTA)
Lugar de publicación, distribución, etc Santo Domingo :
Nombre del editor, distribuidor, etc. Santuario,
Fecha de publicación, distribución, etc 2008.
300 ## - DESCRIPCIÓN FÍSICA
Extensión 85 p.
Otros detalles físicos il.
Dimensiones 21 cm.
490 1# - MENCIÓN DE SERIES
Mención de serie Santuario infantil
505 0# - NOTA DE CONTENIDO
Título Tratado primero. Cuenta Lázaro su vida, y de cuyo hijo fué --
650 #4 - ENCABEZAMIENTO DE MATERIA--TEMÁTICO
Término temático o nombre geográfico como elemento de entrada NOVELA ESPAÑOLA
650 #4 - ENCABEZAMIENTO DE MATERIA--TEMÁTICO
Término temático o nombre geográfico como elemento de entrada LITERATURA PICARESCA
650 #4 - ENCABEZAMIENTO DE MATERIA--TEMÁTICO
Término temático o nombre geográfico como elemento de entrada LITERATURA ESPAÑOLA
830 ## - ASIENTO SECUNDARIO DE SERIE--TÍTULO UNIFORME
Idioma de una obra Santuario infantil
910 ## - VALIDACIÓN
Validación
942 ## - ADDED ENTRY ELEMENTS (KOHA)
Source of classification or shelving scheme Dewey Decimal Classification
Koha item type Libros
945 ## - INFORMACIÓN DE PROCESAMIENTO LOCAL
Información de procesamiento local Inventariado /2017 VM
956 ## - LOCAL ELECTRONIC LOCATION AND ACCESS (OCLC)
Nombre de host VMATEO
Número de acceso 10
Información de compresión 20111004
Inicio de sesión BPMSU
Procesador de solicitud 0069
Existencias
Withdrawn status Lost status Source of classification or shelving scheme Damaged status Not for loan Collection code Home library Current library Date acquired Total Checkouts Full call number Barcode Date last seen Copy number Price effective from Koha item type
    Dewey Decimal Classification     Colección Dominicana Biblioteca Pública Metropolitana Salomé Ureña Biblioteca Pública Metropolitana Salomé Ureña 07/08/2014   863.44 L431t BPMSU15040461 07/08/2014 07/08/2014 Libros
    Dewey Decimal Classification     Colección Dominicana Biblioteca Pública Metropolitana Salomé Ureña Biblioteca Pública Metropolitana Salomé Ureña 07/08/2014   863.44 L431t BPMSU15040462 07/08/2014 e.2 07/08/2014 Libros
    Dewey Decimal Classification     Colección Dominicana Biblioteca Pública Metropolitana Salomé Ureña Biblioteca Pública Metropolitana Salomé Ureña 07/08/2014   863.44 L431t BPMSU15040463 07/08/2014 e.3 07/08/2014 Libros